Capturing client requirements in construction projects (Record no. 103646)

MARC details
000 -LEADER
fixed length control field 01373cam a2200277 4500
008 - FIXED-LENGTH DATA ELEMENTS--GENERAL INFORMATION
fixed length control field 040719n2002 000 0 eng u
020 ## - INTERNATIONAL STANDARD BOOK NUMBER
International Standard Book Number 0727731033
035 ## - SYSTEM CONTROL NUMBER
System control number (Sirsi) u126827
041 ## - LANGUAGE CODE
Language code of text/sound track or separate title eng.
050 ## - LIBRARY OF CONGRESS CALL NUMBER
Classification number 658.404
-- 18
100 ## - MAIN ENTRY--PERSONAL NAME
Personal name Kamara, John M.
245 ## - TITLE STATEMENT
Title Capturing client requirements in construction projects
260 ## - PUBLICATION, DISTRIBUTION, ETC.
Place of publication, distribution, etc. London
Name of publisher, distributor, etc. Thomas Telford
Date of publication, distribution, etc. 2002
300 ## - PHYSICAL DESCRIPTION
Extent xviii,173p. ; 24cm.
350 ## - PRICE (NR) (BK AM CF MU VM SE) [OBSOLETE]
Price 25.50
520 ## - SUMMARY, ETC.
Summary, etc. This book describes an innovative and structured approach for capturing client requirements on construction projects. The new approach, encapsulated in a Client Requirements Processing Model (CRPM) and associated prototype software, ClientPro, facilitates better understanding and implementation of clients' requirements, more effective collaborative working and design creativity. It also minimises uncertainties and downstream problems because of the early consideration of issues affecting the lifecycle of a facility, and provides the basis for effective requirements management throughout the facility lifecycle.
650 ## - SUBJECT ADDED ENTRY--TOPICAL TERM
Topical term or geographic name entry element CLIENT REQUIREMENTS
650 ## - SUBJECT ADDED ENTRY--TOPICAL TERM
Topical term or geographic name entry element CONSTRUCTION PROJECTS
650 ## - SUBJECT ADDED ENTRY--TOPICAL TERM
Topical term or geographic name entry element CUSTOMER SATISFACTION
650 ## - SUBJECT ADDED ENTRY--TOPICAL TERM
Topical term or geographic name entry element MANAGEMENT-PROJECT MANAGEMENT
690 ## - LOCAL SUBJECT ADDED ENTRY--TOPICAL TERM (OCLC, RLIN)
Topical term or geographic name as entry element BUILDING AND CONSTRUCTION-PROJECTS
700 ## - ADDED ENTRY--PERSONAL NAME
Personal name Anumba, Chimay J.
700 ## - ADDED ENTRY--PERSONAL NAME
Personal name Evbuomwan, Nosa F.O.
942 ## - ADDED ENTRY ELEMENTS (KOHA)
Suppress in OPAC 0
Holdings
Withdrawn status Lost status Source of classification or shelving scheme Damaged status Not for loan Home library Current library Shelving location Date acquired Cost, normal purchase price Total Checkouts Full call number Barcode Date last seen Date last checked out Copy number Cost, replacement price Price effective from Koha item type
    Dewey Decimal Classification     London London Books 09/05/2006 30.00 9 658.404 KAM 30072976 06/08/2019 03/06/2008 2 30.00 06/08/2019 Book